| 000 | 00535nam a2200193Ia 4500 | ||
|---|---|---|---|
| 005 | 20250508151450.0 | ||
| 008 | 008 250505s9999 xx 000 0 eng d | ||
| 037 | _aTextual | ||
| 040 |
_aFEDL _beng _cFEDL |
||
| 041 |
_aeng _2eng |
||
| 084 |
_a551.5, NEU _qFEDL |
||
| 100 |
_aNeuberger Hans H _9759211 |
||
| 245 | 0 | _aWeather and man | |
| 260 |
_aNew York, USA _bPrentice - Hall, Inc _c1954 |
||
| 300 | _aix,272p | ||
| 700 |
_a Stephens F Briscoe _9759212 |
||
| 942 |
_cTEXL _h551.5, NEU |
||
| 999 |
_c1329973 _d1329973 |
||